000 00424nab a2200145Ia 4500
003 ES-SlBCS
005 20210601123956.0
008 140529s1988 xxu||||| |||| 00| 0 eng d
041 _aeng
100 1 _aDavis, Wayne A.
_9132681
245 0 0 _aExpression of Emotion
_c Wayne A. Davis
650 0 4 _aEmoción
_9132656
773 0 _tAmerican Philosophical Quarterly
_gvol. 25, nº. 4, 1988, págs. 279-291
_wRev1386
942 _cAR
999 _c507149
_d507149